ANOVA : repeated measures

Αποθηκεύτηκε σε:
Λεπτομέρειες βιβλιογραφικής εγγραφής
Κύριος συγγραφέας: Girden, Ellen R.
Μορφή: Βιβλίο
Γλώσσα:English
Δημοσίευση: Newbury Park : Sage Publications, c1992
Σειρά:Sage university papers series. Quantitative applications in the social sciences ; ; 84
Θέματα:
Ετικέτες: Προσθήκη ετικέτας
Δεν υπάρχουν, Καταχωρήστε ετικέτα πρώτοι!

MARC

LEADER 00000nam a2200000 i 4500
001 1/17863
008 981014s1992 eng d
020 |a 0-8039-4257-5 
035 |l 10020708 
040 |a GR-MY-UA  |b gre  |e aacr 
041 0 |a eng 
082 0 |a 300.1519538 
100 1 |a Girden, Ellen R. 
245 1 0 |a ANOVA :  |b repeated measures /  |c Ellen R. Girden 
260 |a Newbury Park :   |b Sage Publications,   |c c1992 
300 |a 77 p. 
490 1 |a Sage university papers series. Quantitative applications in the social sciences  |v ; 84 
504 |a Includes bibliographical references (p. 73-76) 
650 0 0 |a Social sciences  |x Statistical methods. 
650 0 0 |a Analysis of variance. 
830 0 |a Sage university papers series. Quantitative applications in the social sciences ;  |v ; 84 
852 |a INST  |b LESVOS  |e 19981014  |h 300.1519538 GIR  |p 005100018410  |q 005100018410  |t BK  |y 0 
901 |a BIBL-1999-1 
909 |a Λ  |b 059516 
922 |a 1ΕΛΗ  |b 199809  |c ΚΠΣ/ΤΓ  |d ΠΑΠΑΣΩΤΗΡΙΟΥ 
950 |a 118-1998-07-23